Jaké změny ve zlepšovatelství lze očekávat po vydání nových předpisů

Na minha lista:
Detalhes bibliográficos
Formato: Livro
Idioma:tcheco
Publicado em: Praha Dům techn. ČSVTS 1990
Edição:1. vyd.
Tags: Adicionar Tag
Sem tags, seja o primeiro a adicionar uma tag!

MARC

LEADER 00000nam a2200000 4500
001 c022081
005 20221215120058.5
041 0 |a cze 
044 |a CZ 
245 1 0 |a Jaké změny ve zlepšovatelství lze očekávat po vydání nových předpisů 
250 |a 1. vyd. 
264 1 |a Praha  |b Dům techn. ČSVTS  |c 1990 
300 |a 81 s.